1568 1097 1190 1441 1523 1078 1249 1087 1010 1739 1736 1024 1057 1089 1857 1745 1757 1076 1408 1408 1099 1781 1955 1396 1795 1205 1112 1806 1890 1568 1140 1169 1156 1845 1764 1496 1740 1211 1144 1658 1742 1471 1093 1023 1172 1728 1905 1211 1143 1625 1308 1771 1398 1742 1590 1482 1263 1185 1229 1338 1800 1716 1964 1764 1983 1015 1510 1338 1769 1450 1479 1690 1884 1098 1082 1516 1503 1586 1158 1575 1739 1431 1376 1156 1849 1502 1538 1070 1067 1536 1606 1031 1282 1577 1968 1581 1741 1955 1781 BCNSPRNW ULIB Ver.6.0+V

เปลี่ยนเป็นภาษาไทย

Change to English
 แสดงรายละเอียดบรรณานุกรม
  กลับหน้าหลัก

Brief Record : Get Marc (ISO 2709) : E-mail record : QR code < ปิดหน้าต่าง
LEADER : 00000nam 2200000uu 4500
001    13399110909
003     ULIB
008    110613s2007||||th 000 0 eng d
020    0978921208(pbk.)
024    9780978921200
060 04 WH120^bA827 2007
245 00 ASH-SAP :^bAmerican Society of Hematology self-assessmentprogram /^ceditors, James N. George, Michael E. Williams ;associate editors for pediatrics, George Buchanan ... [et al.]
246 30 American Society of Hematology self-assessment program
250    3rd ed.
260    Malden, Mass. :^bBlackwell Pub.,^c2007
300    xii, 356 p. :^bcol. ill. ;^c29 cm. +^e1 questions &answers
504    Includes bibliographical references and index
650  2 Hematologic Diseases
650  2 Hematologic Diseases^vexamination questions
700 1  George, James N.
700 1  Williams, michael E.^q(Michael Eugene),^d1951- ,^eed.
710 2  American Society of Hematology
945    ^p0^l0^i030141
995    Kesorn
999 ^a ใช้งานได้ทุกระบบ
รายการนี้ยังไม่มีแท็ก
คุณยังไม่ได้ล็อกอิน คุณสามารถมีกิจกรรมร่วมกับเว็บไซต์ได้ แต่ต้องล็อกอินก่อน ::
  ล็อกอิน

รายการสื่อสารสนเทศ

ลำดับที่ ประเภท เลขเรียก/บาร์โค้ด สถานที่ สถานะ
- ไม่พบข้อมูล -

รายการใกล้เคียง
    หัวเรื่อง [Hematologic Diseases]

BibComment


ยังไม่เคยถูกคอมเมนท์

คอมเมนท์ทรัพยากรรายการนี้
  คอมเมนท์: ASHSAP American ..


 Copyright 2026. Bcnsprnw @Library